Umelka – interiér

Gespeichert in:
Bibliographische Detailangaben
1. Verfasser: Martinková, Jarmila (Verfasst von)
Weitere Verfasser: Kočlík, Dušan (Betreuung Doktorarbeit)
Format: Manuskript Buch
Sprache:Slowakisch
Veröffentlicht: Bratislava 2022
Schlagworte:
Online-Zugang:http://is.stuba.sk/zp/portal_zp.pl?podrobnosti=164877
Tags: Tag hinzufügen
Keine Tags, Fügen Sie das erste Tag hinzu!

MARC

LEADER 00000ntm a22000003a 4500
001 stuzp89708
003 SK-STU
005 20221019131403.0
007 ta
008 150427s2015----xo-----f-mn---000-0-slo-d
040 |a STU  |b slo 
041 0 |a slo 
100 1 |a Martinková, Jarmila  |u 055150  |4 aut  |U FAD Fakulta architektúry a dizajnu  |T FAD Ústav interiéru a výstavníctva  |X 88087  |U A5150  |Y 396  |7 88087 
242 0 1 |a Umelka – interior  |y eng 
245 1 0 |a Umelka – interiér 
260 |c 2022  |a Bratislava 
650 4 |a Umelka  |2 slo 
650 4 |a interiér  |2 slo 
650 4 |a rekonštrukcia  |2 slo 
650 4 |a reconstruction  |2 eng 
650 4 |a interior  |2 eng 
650 4 |a Umelka  |2 eng 
700 1 |a Kočlík, Dušan  |u 055150  |k Z1  |4 ths  |U FAD Fakulta architektúry a dizajnu  |T FAD Ústav interiéru a výstavníctva  |X 42575  |U A5150  |Y 396  |7 A000042575 
856 4 |u http://is.stuba.sk/zp/portal_zp.pl?podrobnosti=164877  |u https://opac.crzp.sk/?fn=detailBiblioForm&sid=228C7CD165D66AC755D34FFE85CA